[Event "POL-chT 66th"]
[Site "Katowice"]
[Date "2010.09.04"]
[Round "1"]
[White "Kravtsiv, Martyn"]
[Black "Navara, David"]
[Result "1/2-1/2"]
[WhiteElo "2559"]
[BlackElo "2722"]
[Annotator "Primel,D"]
[PlyCount "119"]
[EventDate "2010.09.04"]
[EventType "team-tourn"]
[EventRounds "9"]
[EventCountry "POL"]
[SourceTitle "EXT 2016"]
[Source "ChessBase"]
[SourceDate "2015.10.08"]
[SourceVersion "1"]
[SourceVersionDate "2015.10.08"]
[SourceQuality "1"]
[WhiteTeam "Prokonex"]
[BlackTeam "Katowice Szopienice"]
[WhiteTeamCountry "POL"]
[BlackTeamCountry "POL"]

1. e4 e5 2. Nf3 Nc6 3. Bb5 Nf6 4. O-O (4. d3 Bc5 5. c3 (5. O-O) 5... O-O 6. Bg5
h6 7. Bh4 Be7 8. Nbd2 d6 9. Bg3 Nh5 10. O-O Nxg3 {Fedorchuk,S (2641)-Bindrich,
F (2512) Cappelle op 26th 2010 (5) 1-0} (10... Bg4 11. h3 Nxg3 $11)) 4... Nxe4
5. d4 (5. Re1 Nd6 6. Nxe5 Be7 7. Bf1 Nxe5 8. Rxe5 O-O 9. Nc3 Ne8 10. Nd5 Bd6
11. Re2 c6 12. Ne3 Bc7 {Vachier Lagrave,M (2766)-Giri,A (2750) Biel Suri
Memorial 2014 (5) 1-0} (12... Be7 13. Qe1 (13. Nf5 Bf6 14. Qe1 d5 15. Ne7+ Bxe7
16. Rxe7 Nd6 17. Re2 Qb6 {M VACHIER LAGRAVE}) 13... Bf6 {Nakamura,H (2787)
-Aronian,L (2805) Sinquefield Cup 2nd 2014 (6) 1/2})) 5... Nd6 {Toujours à la
mode à haut niveau depuis le match de Londres 2000.} 6. Bxc6 (6. Bg5 f6 7.
dxe5 Nxb5 8. exf6 gxf6 9. Re1+ Kf7 10. Qd5+ Kg7 11. Bf4 Nd6 12. Nh4 {Lautier: 
Jusqu'a ce coup, mon adversaire avait à peine utilisé quelques minutes de
reflexion.  J'eus toutefois la prémonition que mon prochain coup lui avait
échappé.} Rg8 $1 {Lautier: Simple et fort: le roi noir trouve un refuge
ideal en h8, dans le coin de l'échiquier.} 13. Nc3 Kh8 14. Qh5 $2 (14. Rad1
$142 {[%cal Gd5h5,Gc3d5]}) 14... Nd4 $1 {Lautier; Ce cavalier va devenir la
piece maitresse du jeu noir. Les blancs n'auraient pas du permettre ce
regroupement, c'est la raison pour laquelle Rad1 etait bien meilleur, suivi du
plan mentionne plus haut, soit Qh5 et Nd5.}) 6... dxc6 7. dxe5 Nf5 8. Qxd8+
Kxd8 9. Nc3 (9. h3) 9... h6 (9... Ke8 {La grande ligne} 10. h3 h5 11. Rd1 Be7
12. Ne4 (12. Ne2 a5 13. a4 b6 14. Bf4 c5 {Quesada Perez,Y (2401)-Otero Acosta,
D (2440) Guillermo Garcia Memorial-A 20th 2011 (13) 0-1} (14... Be6 15. Ng5))
12... Bd7 {Polgar,J (2699)-Karjakin,S (2788) FIDE World Cup 2011 (3.1) 1-0} (
12... Be6 13. Nfg5 Rh6 14. b3 Rg6 15. Bf4 Nh4 (15... Bd5 16. c4 Bxe4 17. Nxe4
Rd8 $11))) (9... Be6 10. h3 Bb4 11. Bd2 Kc8 12. g4 {Zaitsev,I (2405)
-Aleksandrov,A (2450) URS-ch58 Moscow 1991 (11) 0-1} (12. a3 $143 Bxc3 13. Bxc3
Bd5 $1 14. g4 Bxf3 15. gxf5 Be4 16. e6 {Mastrovasilis})) (9... Bd7 {Zhigalko,S
(2640)-Kryvoruchko,Y (2635) 66th POL-ChT 2010 (2) 1/2}) (9... Ne7 10. Ne4 Ng6
11. h3 h6 12. b3 a5 (12... Be6 13. Bb2 c5 14. c4 Be7 15. Ng3 h5 16. Ne4 Ke8 17.
Nc3 (17. Rfd1 a5 (17... Rd8 18. Rxd8+ Kxd8 19. Rd1+ (19. Nfg5 Bxg5 20. Nxg5 Ke7
21. Rd1 h4 {[%csl Rg2][%cal Gh8h5]})) 18. Kf1 a4 $11) (17. Rad1 Rd8) 17... Rd8
$11 {David,A (2573)-Bacrot,E (2715) FRA-chT Top 16 GpA 2005 (5) 0-1})) (9... h5
10. b3 Be7) 10. Rd1+ (10. h3) 10... Ke8 11. h3 Ne7 12. Nd4 (12. b3 Bf5 13. Nd4
Bh7 14. Bb2 Rd8 15. e6 Nc8 16. Nce2 Bd6 17. c4 Ne7 18. Rac1 b6 19. g4 f6 20. f4
a6 21. Nf3 Rf8 22. Ng3 Rg8 23. Ne2 Rf8 24. Kg2 g6 25. Ng3 f5 26. Ne5 fxg4 27.
Nf7 gxh3+ 28. Kxh3 Rxf7 29. exf7+ Kxf7 30. Be5 c5 31. Ne4 Nf5 32. Nf6 Bg8 33.
Nd5 Bxe5 34. fxe5 Rc8 35. Re1 Kg7 36. e6 Nd4 37. e7 Be6+ 38. Kg3 Kf7 39. Nf4
Re8 40. Nxe6 Nxe6 41. Re5 Nd4 {Polgar,J (2689)-Howell,D (2644) Warsaw 2013 1/
2-1/2 (65)}) (12. Bf4 Ng6 13. Bh2 Bb4 $132) 12... Ng6 13. f4 (13. Be3 Nxe5 14.
Bf4 f6 15. Re1 $44 {Rausis,I (2527)-Kovar,V (2347) CZE-chT 0910 2009 (4.5) 1-0}
) 13... h5 14. Be3 $146 (14. Ne4 a6 15. c4 c5 16. Nf3 Be6 17. b3 Be7 18. Be3 b6
19. Rd2 Rd8 20. Rad1 h4 21. Nc3 Rxd2 22. Rxd2 Bd8 23. Nd5 a5 24. a3 Ne7 25. Kf2
Nf5 26. Ng5 Bxd5 27. cxd5 Bxg5 28. fxg5 g6 29. Bf4 Kd7 30. e6+ fxe6 31. dxe6+
Kc6 32. Rd7 Re8 33. Rxc7+ Kd5 34. Rd7+ Kc6 35. Rf7 Rxe6 36. Rxf5 gxf5 37. g3
hxg3+ 38. Kxg3 Kd7 39. h4 Ke7 40. h5 Kf7 41. g6+ Kf6 42. Kf3 b5 43. a4 bxa4 {
Kjartansson,G (2306)-Johannesson,I (2344) Reykjavik 2007 0-1}) 14... a6 15. Ne4
$32 {L'avantage de développement des Blancs est souvent difficile à
exploiter face à un mur de Berlin} (15. Rd2 Be7 16. Rad1 h4) 15... Be7 16. Rd2
h4 {[%csl Rg2]} 17. Rad1 {Le doublement des R Blanches n'est pas trés utile
faute de cases d'accès dans le camp Noir} Rh5 $5 18. a3 $6 (18. Nf3 $142 {
[%cal Gf3e5,Gf3h4]} Bf5 (18... Be6) 19. Nf2) 18... Nxe5 $1 19. Re2 (19. fxe5 $6
Rxe5 {[%csl Re3,Re4]}) 19... Nc4 {[%csl Gc4]} 20. Rde1 Nxe3 21. Rxe3 {[%cal
Ge3e7]} Be6 22. Nf2 (22. f5 $5) 22... Bf6 23. Nxe6 fxe6 24. Rxe6+ Kf7 25. Nd3
Rb5 26. a4 Rd5 27. R6e4 Rad8 28. Kf2 Rxd3 $5 29. cxd3 Rxd3 30. R1e2 Kg6 31. Ke1
Kf5 $44 {[%csl Re1,Gf5]} 32. R4e3 Rd4 33. b3 c5 34. Rc2 Rd5 35. Rf3 b5 36. axb5
axb5 37. Ke2 Bd4 38. Ra2 Rd6 39. Ra5 b4 40. Ra2 Ke4 41. Ra8 Rg6 42. Re8+ (42.
Kf1 c4 43. bxc4 Rb6 {[%csl Gb4]}) 42... Kd5 43. Rd8+ Kc6 44. Kf1 Re6 {[%csl
Rf1]} 45. g3 hxg3 46. Rxg3 Re4 47. f5 c4 $1 48. bxc4 Bf6 (48... Kc5) 49. Rb8
Kc5 50. Rg4 Rxg4 (50... Rxc4 51. Ke2 c6 52. Kd2) 51. hxg4 Kxc4 {[%csl Gb4] Les
Noirs ont des meilleures perspectives à l'aile-dame} 52. Ke2 b3 (52... c5 53.
Rb7 (53. Kd1 Kc3 54. Kc1 c4 $15 55. Rb7 b3 56. g5 Bxg5+) 53... b3 54. Kd1 Kc3
55. Kc1 c4) 53. Kd1 Bg5 (53... c5 54. Kc1 Kc3 55. Rb7 c4 56. Kb1 Kd3 57. Rd7+
Ke4 58. g5 Bxg5 59. Rxg7 Kxf5) 54. Rb7 c5 55. Rxg7 Kc3 $1 56. Rh7 c4 57. Rh2
Kb4 58. Rf2 $1 {La R arrive à temps sur cette position idéale ou elle peut
à la fois soutenir sa majorité de l'aile-roi tout en controlant la majorité
adverse sur l'aile opposée.} c3 {[%csl Gb3,Gc3]} 59. f6 c2+ (59... Bd2 $4 60.
Rxd2 $1) 60. Rxc2 $1 1/2-1/2

[Event "Andorra op 20th"]
[Site "Andorra"]
[Date "2002.07.10"]
[Round "5"]
[White "Psakhis, Lev"]
[Black "Narciso Dublan, Marc"]
[Result "1-0"]
[WhiteElo "2574"]
[BlackElo "2460"]
[Annotator "Psakhis,L"]
[PlyCount "69"]
[EventDate "2002.07.06"]
[EventType "swiss"]
[EventRounds "9"]
[EventCountry "AND"]
[SourceTitle "CBM 089 Extra"]
[Source "ChessBase"]
[SourceDate "2002.09.10"]
[SourceVersion "2"]
[SourceVersionDate "2002.09.10"]
[SourceQuality "1"]

1. e4 e5 2. Nf3 Nc6 3. Bb5 Nf6 4. O-O Nxe4 5. d4 Nd6 6. Bxc6 dxc6 7. dxe5 Nf5
8. Qxd8+ Kxd8 {[%mdl 4096]} 9. Nc3 Ne7 10. h3 Ng6 11. Bg5+ Ke8 12. Rad1 Bd7 (
12... Be7 13. Bxe7 Kxe7 14. Nd4 Nf4 15. Ne4 Rd8 16. Rfe1 Rd5 17. c4 Rd8 18. Kh2
a5 19. g4 a4 20. Kg3 Ne6 21. Nf5+ Kf8 22. f4 {1/2-1/2 Shirov,A-Vallejo Pons,F/
Linares SuperGM 2002/CBM 88 (33)}) 13. Rd2 Be7 (13... h6 14. Rfd1 hxg5 15. Rxd7
Bd6 16. e6 Nf8 (16... Ne7 17. Ne4 fxe6 18. Nxd6+ Kxd7 19. Ne5+ $1) 17. Rxf7
Nxe6 18. Rf5 $16) (13... Bb4 14. Rfd1 Nf8 15. e6 fxe6 16. Ne5 h6 (16... Bd6 17.
Rxd6 $3 cxd6 18. Ne4 Ng6 19. Nxd6+ Kf8 20. Nxd7+ Kg8 21. Nxb7 $18) 17. Bh4 Bxc3
(17... Bd6 18. Nxd7 Nxd7 19. Ne4 $16) 18. bxc3 g5 19. Bg3 Rh7 (19... Bc8 20.
Rd8+ Ke7 21. f4 $16) 20. Ng4 Kd8 21. Be5 $36 {[%csl Gd1,Gd2,Ge5,Gg4]}) 14. Bxe7
Kxe7 15. Nd4 Nf4 $146 (15... Rhd8 16. f4 c5 17. Nb3 Bc6 18. Re2 b6 19. f5 Nh4
20. Rf4 g5 21. Rff2 Rg8 22. Kh2 Rad8 23. Rd2 g4 24. hxg4 Rxg4 {1/2-1/2
Ivanchuk,V-Almasi,Z/Monaco Amber rapid 2002/The Week in Chess 386 (37)}) 16.
Kh2 Rhd8 17. Kg3 g5 18. Ne4 h6 (18... Bxh3 19. Rfd1 Be6 20. Nxg5 Rxd4 21. Rxd4
Ne2+ 22. Kf3 Nxd4+ 23. Rxd4) 19. h4 (19. Rfd1 Be6) 19... Be6 20. Rfd1 (20. Re1
$5 Nh5+ 21. Kh2 gxh4 22. Nc5) 20... Nh5+ (20... Rxd4 $142 $1 21. Rxd4 Ne2+ 22.
Kh2 Nxd4 23. Rxd4 $14) 21. Kh2 (21. Kf3 g4+ 22. Ke3 Rd5) 21... gxh4 22. Nc5 Rd5
$8 (22... Rab8 23. Ndxe6 fxe6 24. Rxd8 Rxd8 25. Rxd8 Kxd8 26. Nxb7+ Ke7 27. Nc5
Nf4 28. Nd3 $18) 23. Nxb7 Kf8 24. Nxc6 Rb5 25. Nbd8 $1 Rxb2 26. c4 $5 Rb6 (
26... Rxd2 $5 27. Nxe6+ fxe6 28. Rxd2 Ke8 29. Rd4 $18) 27. Rd4 (27. Nxe6+ fxe6
28. Rd8+ Rxd8 29. Rxd8+ Kf7 30. Rd7+ Kg6 31. Rxc7 Rb2) 27... Ng7 28. Rxh4 Nf5
29. Rf4 Kg7 30. g4 $18 Nh4 31. Nxe6+ fxe6 32. Rd7+ Kh8 (32... Kg6 33. Rf6+ Kg5
34. Rg7+) 33. Nd8 $1 Kg8 34. Rf6 Rb1 35. Nxe6 1-0

[Event "Syre Memorial op 34th"]
[Site "Issy les Moulineaux"]
[Date "2011.06.04"]
[Round "3"]
[White "Roser, Kevin"]
[Black "Karim, Ismael"]
[Result "1/2-1/2"]
[WhiteElo "2436"]
[BlackElo "2389"]
[Annotator "RR"]
[PlyCount "34"]
[EventDate "2011.06.03"]
[EventType "swiss"]
[EventRounds "6"]
[EventCountry "FRA"]
[SourceTitle "EXT 2012"]
[Source "ChessBase"]
[SourceDate "2011.11.24"]
[SourceVersion "1"]
[SourceVersionDate "2011.11.24"]
[SourceQuality "1"]

1. e4 {01h30} e5 2. Nf3 Nc6 3. Bb5 Nf6 4. O-O Nxe4 5. d4 Nd6 6. Bxc6 dxc6 7.
dxe5 Nf5 8. Qxd8+ Kxd8 9. Nc3 Bd7 (9... Ke8 {La grande ligne du Mur de Berlin})
10. h3 {01h27} b6 {[%cal Gd8c8,Gc8b7] Une ligne secondaire} (10... h6) 11. Rd1
{[%cal Gd1d8]} Kc8 12. Ng5 (12. g4 {McShane,L (2592)-Ivanchuk,V (2704) Sigeman
& Co 11th 2003 (2) 1/2}) 12... Be8 13. b3 $146 (13. g4 Nh4 {De Firmian,N (2542)
-Nielsen,P (2628) Sigeman & Co 12th 2004 (4) 0-1}) 13... Be7 {01h30 continuant
а jouer а tempo} 14. Nge4 Bd7 {01h25 01er coup hors préparation} 15. Ne2 {
58" A son tour, l'isséen est hors préparation} (15. g4 Nh4 16. Rd3 {[%csl Gf3]}
Ng6 {[%cal Gg6e5]} 17. f4 h5 $132 {[%csl Gh8]}) 15... a5 $1 {[%cal Ga5a4] 01h16
} 16. a4 (16. Kf1 a4 $132) (16. Bg5 $5) 16... c5 17. Bb2 {47" L'intérêt de
connaitre le temps passé est de voir qu'il ne s'agit pas d'une nulle de salon.}
Bc6 {01h12} 1/2-1/2

[Event "HUN-ch"]
[Site "Budapest"]
[Date "1997.10.29"]
[Round "8"]
[White "Leko, Peter"]
[Black "Almasi, Zoltan"]
[Result "0-1"]
[WhiteElo "2635"]
[BlackElo "2615"]
[Annotator "RR"]
[PlyCount "106"]
[EventDate "1997.10.21"]
[EventType "tourn"]
[EventRounds "10"]
[EventCountry "HUN"]
[EventCategory "15"]
[SourceTitle "CBM 062"]
[Source "ChessBase"]
[SourceDate "1998.01.31"]
[SourceVersion "1"]
[SourceVersionDate "1998.01.31"]
[SourceQuality "1"]

{[%mdl 2]} 1. e4 e5 2. Nf3 Nc6 3. Bb5 Nf6 4. O-O Nxe4 5. d4 Nd6 6. Bxc6 dxc6 7.
dxe5 Nf5 8. Qxd8+ Kxd8 9. Nc3 Ke8 10. Rd1 Ne7 11. Nd4 Ng6 12. Ne4 Be7 13. Re1
c5 14. Nb3 b6 15. Nf6+ $6 $17 (15. Nd6+ $11) 15... Kf8 16. Nd5 Bd8 17. Nd2 c6
18. Ne3 Nxe5 19. Nec4 Ng6 20. Nf3 Bc7 21. Nce5 f6 22. Nxg6+ hxg6 23. h3 Kf7 24.
Be3 g5 25. Nh2 Bf5 26. c3 Rae8 27. Ng4 Be6 28. f3 Kg6 29. Bf2 Bf4 30. Ne3 Re7
31. a4 Rhe8 32. Nf1 Bb3 33. Rxe7 Rxe7 34. a5 Re2 35. axb6 axb6 36. Ra6 Bc7 37.
Bg3 Bd8 38. Bd6 Re6 39. Bg3 Bc4 40. Ra8 Be7 41. Ra1 f5 42. Re1 Rxe1 43. Bxe1
Bd3 44. Bf2 Bd6 45. Be3 Kf6 46. Nd2 Bg3 47. Nf1 Bc7 48. Nd2 c4 49. g4 c5 50.
gxf5 Kxf5 51. Kf2 Bf4 52. Bxf4 Kxf4 53. b3 b5 0-1

[Event "Vandoeuvre op 11th"]
[Site "Vandoeuvre"]
[Date "2014.12.28"]
[Round "6"]
[White "Fedorchuk, Sergey A"]
[Black "Gharamian, Tigran"]
[Result "1/2-1/2"]
[WhiteElo "2669"]
[BlackElo "2658"]
[Annotator "RR"]
[PlyCount "33"]
[EventDate "2014.12.26"]
[EventType "swiss"]
[EventRounds "9"]
[EventCountry "FRA"]
[SourceTitle "EXT 2017"]
[Source "ChessBase"]
[SourceDate "2016.10.25"]
[SourceVersion "1"]
[SourceVersionDate "2016.10.25"]
[SourceQuality "1"]

1. e4 e5 {90} 2. Nf3 Nc6 3. Bb5 Nf6 4. O-O Nxe4 5. Re1 Nd6 6. Nxe5 Be7 7. Bf1
Nf5 (7... Nxe5 {La grande ligne}) 8. c3 Nxe5 {86} 9. Rxe5 d6 10. Re1 O-O 11. d4
d5 12. Nd2 c6 (12... Bd6) 13. Nf3 Nh4 {continuant de suivre une partie jouée
par l'ukrainien deux mois plus tôt} 14. Nxh4 Bxh4 15. Bf4 Bg5 16. Bg3 {
Fedorchuk,S (2673)-Antoniewski,R (2552) CRO-chT1A Bol 2014 (8.3) 1/2} Bh4 17.
Bf4 {Une nulle de salon} 1/2-1/2

[Event "Sautron op 13th"]
[Site "Sautron"]
[Date "2013.10.27"]
[Round "2"]
[White "Migot, Tangi"]
[Black "Le Roux, Jean Pierre"]
[Result "1/2-1/2"]
[WhiteElo "2354"]
[BlackElo "2571"]
[Annotator "RR"]
[PlyCount "86"]
[EventDate "2013.10.26"]
[EventType "swiss"]
[EventRounds "9"]
[EventCountry "FRA"]
[SourceTitle "EXT 2016"]
[Source "ChessBase"]
[SourceDate "2015.10.08"]
[SourceVersion "1"]
[SourceVersionDate "2015.10.08"]
[SourceQuality "1"]
[TimeControl "40/5400+30:1800+30"]
[WhiteClock "1:30:00"]
[BlackClock "1:30:00"]

1. e4 {[%emt 0:00:00]} e5 {[%emt 0:03:34]} 2. Nf3 {[%emt 0:00:00]} Nc6 {
[%emt 0:00:25]} 3. Bb5 {[%emt 0:00:18]} Nf6 {[%emt 0:01:37]} 4. O-O {[%emt 0:
02:20]} Nxe4 {[%emt 0:00:44]} 5. Re1 {[%emt 0:00:18]} (5. d4 Nd6 6. Bxc6 bxc6 (
6... dxc6 7. dxe5 Nf5 8. Qxd8+ Kxd8 9. h3 (9. Nc3 Ke8 10. Bf4 Be6 11. Rfd1 h6
12. h3 Be7 13. g4 $1 Nh4 14. Nxh4 Bxh4 15. Kg2 Be7 16. f3 Rd8 17. Ne2 $14 {
[%cal Ge2g3,Gg3f5,Gg3h5];Naiditsch,A (2715)-Wagner,D (2499) Grenke Chess
Classic 2nd 2014 (6) 1-0}) 9... Bd7 10. Rd1 Be7 11. Nc3 Kc8 12. Bg5 h6 13. Bxe7
Nxe7 14. Rd2 c5 15. Rad1 Be6 16. Ne1 Ng6 17. Nd3 b6 18. Ne2 Bxa2 19. b3 c4 20.
Ndc1 cxb3 21. cxb3 Bb1 22. f4 Kb7 23. Nc3 Bf5 24. g4 Bc8 25. Nd3 h5 {Anand,V 
(2775)-Carlsen,M (2870) World Championship 2013 (4) 1/2} (25... Ne7 $142 26. f5
Nc6 {Anand})) 7. dxe5 Nb7 8. Qe2 Be7 9. c4 O-O 10. Nc3 f6 11. Re1 fxe5 12. Qxe5
Bf6 13. Qg3 Nd6 14. c5 {Stellwagen,D (2635)-Erdos,V (2576) Bundesliga 1011
2010 (9.3) 1/2} (14. Bf4 Nf5 {Erdos})) 5... Nd6 {[%emt 0:00:47]} 6. Nxe5 {
[%emt 0:00:42]} Be7 {[%emt 0:00:18] La variante de Rio de Janeiro} 7. Bf1 {
[%emt 0:00:47]} (7. Bd3 $5) 7... Nxe5 {[%emt 0:02:16]} (7... Nf5 {[%csl Gd4]}
8. c3 Nxe5 9. Rxe5 d6 10. Re1 O-O 11. d4 d5 12. Bf4 Bd6 13. Qf3 Nh4 14. Qg3 Nf5
$11 {Mastrovasilis,D (2604)-Hammer,J (2610) GRE-chT 39th 2011 (7.4) 1/2}) 8.
Rxe5 {[%emt 0:00:07]} O-O {[%emt 0:00:03]} 9. Nc3 {[%emt 0:00:53]} Bf6 {
[%emt 0:02:26]} (9... Ne8 10. Nd5 Bd6 11. Re1 c6 12. Ne3 Bc7 13. Nf5 d5 14.
Ne7+ Kh8 15. Nxc8 Rxc8 16. g3 Nd6 17. Bh3 f5 18. d3 Qf6 19. c3 Rce8 20. Bd2 Nf7
21. Rxe8 Rxe8 22. Qf1 f4 23. Re1 Rf8 24. Qe2 h6 25. Kh1 Ng5 26. Bg4 Bd6 27. h4
Nh7 28. Kg2 Qg6 29. Bh5 Qf5 30. Bg4 Qg6 31. Bh5 Qf5 32. Bg4 Qg6 {1/2-1/2 (32)
Nakamura,H (2772)-Carlsen,M (2862) Saint Louis 2013}) 10. Re1 {[%emt 0:02:23]}
Re8 {[%emt 0:01:02]} 11. Nd5 {[%emt 0:10:14]} Rxe1 {[%emt 0:03:01]} 12. Qxe1 {
[%emt 0:00:05]} b6 {[%emt 0:00:07]} 13. g3 {[%emt 0:10:43]} Bb7 {[%emt 0:00:13]
} 14. Bg2 {[%emt 0:00:24]} Bxd5 $5 $146 {[%emt 0:00:56]} (14... c6 15. Ne3 Qe7
16. d3 Nf5 17. c3 d5 18. Bd2 Nxe3 19. Qxe3 Qxe3 20. Bxe3 Ba6 21. d4 Re8 22. a4
h6 23. h4 Bc8 24. b4 Bf5 25. a5 b5 26. Re1 g5 27. hxg5 hxg5 28. f3 Bd8 29. Kf2
Bc7 30. Bd2 Rxe1 31. Bxe1 f6 32. Bd2 Kg7 33. Bf1 a6 34. Be2 Kf7 35. Be3 Kg7 36.
Bd2 Kf7 37. Be3 Kg7 38. Bd2 Kf7 {1/2-1/2 (38) Adams,M (2710)-Kramnik,V (2795)
London 2012}) 15. Bxd5 {[%emt 0:00:08]} c6 $11 {[%emt 0:00:10]} 16. Bg2 {
[%emt 0:02:36]} Qf8 {[%emt 0:00:32][%cal Ga8e8]} 17. c3 {[%emt 0:07:28]} Re8
$32 {[%emt 0:11:00][%csl Ra1,Rc1,Re1]} 18. Qf1 {[%emt 0:02:45]} Qe7 {[%emt 0:
12:54]} 19. d3 {[%emt 0:05:39]} Bg5 {[%emt 0:13:38]} 20. f4 {[%emt 0:05:50]}
Bf6 {[%emt 0:00:08]} 21. Bd2 {[%emt 0:00:20]} Nb7 {[%emt 0:08:08]} (21... Qe2
22. Qxe2 Rxe2 23. Rd1 $132 {[%csl Rb2,Ge2]}) 22. Re1 {[%emt 0:06:49]} Qd8 {
[%emt 0:01:51]} 23. Bf3 {[%emt 0:05:35]} Rxe1 {[%emt 0:07:30]} 24. Bxe1 {
[%emt 0:01:34]} d5 {[%emt 0:02:12]} 25. Qe2 {[%emt 0:04:52]} Nd6 {[%emt 0:05:
40]} (25... Kf8) 26. Bf2 {[%emt 0:01:51]} g6 {[%emt 0:01:30]} 27. Qc2 {[%emt 0:
09:35]} h5 {[%emt 0:09:23]} 28. Kg2 {[%emt 0:01:51]} Kg7 {[%emt 0:02:13]} 29.
h3 {[%emt 0:01:14]} Nf5 {[%emt 0:03:08]} 30. Qe2 {[%emt 0:07:06]} Qd6 {[%emt 0:
02:23]} (30... Qe7) 31. g4 {[%emt 0:04:20]} hxg4 {[%emt 0:01:47]} 32. hxg4 {
[%emt 0:00:05]} Nh4+ {[%emt 0:00:30]} 33. Bxh4 {[%emt 0:00:39]} Bxh4 {[%emt 0:
00:05]} 34. Qe5+ {[%emt 0:01:07] Après l'échange des Q, le GMI aura du mal
à jouer pour le gain} Qxe5 {[%emt 0:00:42]} 35. fxe5 {[%emt 0:00:04]} Bg5 {
[%emt 0:02:38]} 36. c4 {[%emt 0:01:14]} dxc4 {[%emt 0:00:30]} 37. dxc4 {
[%emt 0:00:04]} Bc1 {[%emt 0:00:17]} 38. b3 {[%emt 0:00:32]} c5 {[%emt 0:00:32]
} 39. Bd5 {[%emt 0:00:26]} Bb2 {[%emt 0:00:52]} 40. e6 {[%emt 0:00:00]} fxe6 {
[%emt 0:00:00]} 41. Bxe6 {[%emt 0:00:11]} Kf6 {[%emt 0:00:28]} 42. Bd7 {
[%emt 0:02:18]} Ke5 {[%emt 0:00:33]} 43. Kf3 {[%emt 0:00:16]} Bc1 {[%emt 0:00:
31]} 1/2-1/2

[Event "POL-chT 66th"]
[Site "Katowice"]
[Date "2010.09.12"]
[Round "9"]
[White "Szelag, Marcin"]
[Black "Balogh, Csaba"]
[Result "0-1"]
[WhiteElo "2464"]
[BlackElo "2608"]
[Annotator "RR"]
[PlyCount "84"]
[EventDate "2010.09.04"]
[EventType "team-tourn"]
[EventRounds "9"]
[EventCountry "POL"]
[SourceTitle "EXT 2016"]
[Source "ChessBase"]
[SourceDate "2015.10.08"]
[SourceVersion "1"]
[SourceVersionDate "2015.10.08"]
[SourceQuality "1"]
[WhiteTeam "Poznan Pocztowiec"]
[BlackTeam "Wroclaw Polonia"]
[WhiteTeamCountry "POL"]
[BlackTeamCountry "POL"]

1. e4 e5 2. Nf3 Nc6 3. Bb5 Nf6 4. O-O Nxe4 5. d4 Nd6 6. Bxc6 dxc6 7. dxe5 Nf5
8. Qxd8+ Kxd8 9. Nc3 Ke8 10. h3 h6 11. b3 a5 12. Bb2 h5 13. Rad1 Be7 $5 {
Le hongrois a beaucoup d'expérience avec ce mur de Berlin et il essaye
d'améliorer une partie qu'il avait jouée quelques mois plus tôt.} (13... h4
14. Ne2 Be7 15. Nf4 Rh6 16. Rfe1 a4 17. c4 g5 18. Ne2 Ng7 19. Nfd4 Nf5 20. Nf3
Ng7 21. Nh2 axb3 22. axb3 Ra2 23. Bc1 Rg6 24. Rd2 Ra1 25. Red1 Bf5 26. Ng4 Bxg4
27. hxg4 Ne6 28. Bb2 Rxd1+ 29. Rxd1 f6 30. f3 fxe5 31. Bxe5 Bc5+ 32. Kf1 Ke7
33. g3 Rh6 34. gxh4 Rxh4 35. Ng3 Ke8 36. Kg2 Rh7 37. Ne4 Be7 38. b4 Kf7 39. c5
Kg6 40. Ra1 b6 41. Ra6 Bd8 42. Ra7 Be7 43. Ra8 {Ivanchuk,V (2739)-Balogh,C 
(2628) Peristeri 2010 1-0 (91)}) 14. Rfe1 Be6 15. Re2 (15. Ne2 a4 16. Bc3 c5
17. Nf4 Rh6 18. g4 hxg4 19. hxg4 Nh4 20. Nxh4 Rxh4 21. f3 axb3 22. axb3 c4 23.
Nxe6 fxe6 24. bxc4 Ra3 25. Rd3 Ra4 26. Re4 Ra2 27. Re2 Ra4 {1/2-1/2 (27)
Bromberger,S (2530)-Balogh,C (2608) Germany 2011}) 15... Rd8 16. Rxd8+ Kxd8 17.
Bc1 c5 18. Rd2+ Kc8 {[%cal Gh8d8,Ge7d8]} 19. Nd5 {[%cal Gg2g4]} Bd8 {[%cal
Gc7c6]} 20. Rd1 Nd4 $1 21. Nxd4 Bxd5 22. Nf5 Be4 23. Ne3 (23. Nxg7 $4 Rg8 {
[%csl Rg2,Rg7]}) 23... Re8 24. f3 Bh7 (24... Bc6 $2 25. Nf5 {[%csl Rg7]}) 25.
f4 {[%cal Gf4f5]} (25. Bb2 Bg5 {[%csl Rc2]}) 25... g5 $1 26. g3 gxf4 27. gxf4
Rg8+ 28. Kh2 Bh4 $1 29. Rg1 $8 Rxg1 30. Kxg1 Be4 $17 {Les Noirs ont une bonne
finale} 31. Bd2 b6 32. c3 Kd7 33. Kf1 $2 Bg3 34. Ng2 Ke6 35. Ne3 Bxf4 36. Ke2
Bxe5 37. Nc4 Bg3 38. Bg5 f6 39. Bh6 Bg2 40. Ne3 Bxh3 41. Kf3 Be5 42. c4 Bf5 0-1

[Event "London Classic 2nd"]
[Site "London"]
[Date "2010.12.08"]
[Round "1"]
[White "Adams, Michael"]
[Black "Howell, David"]
[Result "1-0"]
[WhiteElo "2723"]
[BlackElo "2611"]
[Annotator "RR"]
[PlyCount "55"]
[EventDate "2010.12.06"]
[EventType "tourn"]
[EventRounds "7"]
[EventCountry "ENG"]
[EventCategory "19"]
[SourceTitle "CBM 140"]
[Source "ChessBase"]
[SourceDate "2011.01.18"]
[SourceVersion "1"]
[SourceVersionDate "2011.01.18"]
[SourceQuality "1"]

1. e4 e5 2. Nf3 Nc6 3. Bb5 Nf6 4. O-O Nxe4 5. d4 Be7 6. Qe2 Nd6 7. Bxc6 bxc6 8.
dxe5 Nb7 9. c4 O-O 10. Nc3 f6 11. Re1 fxe5 12. Qxe5 Bf6 13. Qg3 Nc5 14. Bg5 Nd3
$2 ({Geboten ist} 14... d6) 15. Re3 $1 Nxb2 16. Rae1 $1 Bxg5 $2 {Nach diesem
zweiten Fehler ist Schwarz schon verloren.} ({Auch} 16... Nxc4 $2 {verliert
nach} 17. Re7 $1 Bxe7 18. Rxe7 {schnell.}) ({Dagegen bietet} 16... Ba6 $5 {
praktische Chancen, Weiß hat noch keinen klaren Gewinn, eine Möglichkeit wäre}
17. Ne4 Bxg5 18. Nexg5 Qf6 19. Ne5 h6 20. Ngf7 Rxf7 21. Rf3 Qg5 22. Qxg5 hxg5
23. Nxf7 {und das Endspiel sollte gewonnen sein.}) 17. Nxg5 Qf6 18. Rf3 Qd8 ({
Oder} 18... Qd6 19. Qh4 h6 20. Nf7 $1 Rxf7 21. Re8+ {mit Gewinnstellung.}) 19.
Nce4 Ba6 20. Nxh7 $1 Rxf3 ({Oder} 20... Kxh7 21. Ng5+ Kg8 22. Rxf8+ Qxf8 23.
Qh3 {mit baldigem Matt.}) 21. gxf3 Kxh7 22. Ng5+ Kg8 23. Qh4 Bxc4 24. Qh7+ Kf8
25. Re5 $1 Be6 26. Qh8+ Ke7 27. Qxg7+ Kd6 28. Ne4# 1-0